Qui sont ces personnalités politiques ? - LR - Statistiques

Statistiques générales
  • Ce quiz a été pris 313 fois
  • Le résultat moyen est 10 sur 16
Statistiques - réponses
Par images Réponse % Correct
Nicolas Sarkozy
100%
Valérie Pécresse
98%
Rachida Dati
95%
Gérard Larcher
87%
Laurent Wauquiez
84%
Nadine Morano
80%
Jean-Pierre Raffarin
65%
Nathalie Kosciusko-Morizet
59%
Christine Boutin
56%
Éric Woerth
53%
Christian Jacob
51%
Catherine Vautrin
50%
Aurélien Pradié
49%
Rama Yade
48%
Charles Pasqua
47%
Virginie Calmels
6%
Aucun quiz correspondant
Distribution des résultats
% des personnes avec chaque résultat
Percentile par nombre de réponses
Votre historique - résultats
Vous n’avez pas pris ce quiz